Entry Personal Name
Number of records used in: 1
001 - CONTROL NUMBER
003 - CONTROL NUMBER IDENTIFIER
005 - DATE AND TIME OF LATEST TRANSACTION
- control field:
20220106140106.0
008 - FIXED-LENGTH DATA ELEMENTS
- fixed length control field:
830315n| azannaabn |a aaa
010 ## - LIBRARY OF CONGRESS CONTROL NUMBER
- LC control number:
n 83045694
035 ## - SYSTEM CONTROL NUMBER
- System control number:
(OCoLC)oca00933180
040 ## - CATALOGING SOURCE
- Original cataloging agency:
DLC
- Language of cataloging:
eng
- Description conventions:
rda
- Transcribing agency:
DLC
- Modifying agency:
DLC
- Modifying agency:
DNLM
- Modifying agency:
UtOrBLW
046 ## - SPECIAL CODED DATES
- Birth date:
1941
- Source of date scheme:
edtf
100 1# - HEADING--PERSONAL NAME
- Personal name:
Di Maio, Vincent J. M.,
- Dates associated with a name:
1941-
370 ## - ASSOCIATED PLACE
- Other associated place:
Bexar County (Tex.)
- Source of term:
naf
372 ## - FIELD OF ACTIVITY
- Field of activity:
Forensic ballistics
- Source of term:
lcsh
374 ## - OCCUPATION
- Occupation:
Physicians
- Occupation:
Forensic scientists
- Source of term:
lcsh
375 ## - GENDER
377 ## - ASSOCIATED LANGUAGE
400 1# - SEE FROM TRACING--PERSONAL NAME
- Personal name:
Maio, Vincent J. M. Di,
- Dates associated with a name:
1941-
400 1# - SEE FROM TRACING--PERSONAL NAME
- Personal name:
DiMaio, Vincent J. M.,
- Dates associated with a name:
1941-
670 ## - SOURCE DATA FOUND
- Source citation:
Symp. on forensic pathology, c1983 (a.e.)
- Information found:
CIP t.p. (Vincent J.M. Di Maio, M.D.)
670 ## - SOURCE DATA FOUND
- Source citation:
His Gunshot wounds, c1985:
- Information found:
CIP t.p. (Vincent J.M. DiMaio, M.D., chief medical examiner-director, Regional Crime Lab., Co. of Bexar, San Antonio, Tex.)
670 ## - SOURCE DATA FOUND
- Source citation:
Gunshot Wounds, c2016:
- Information found:
Title Page (Vincent J.M. DiMaio); Foreword (Dr. DiMaio, who was the chief medical examiner of Bexar County in San Antonio, Texas, is presently a private forensic consultant)